000 01022ngm a22003010a 4500
001 PT39956
003 AR-LpoUNG
005 20210201235857.0
007 vd cvaizq
008 191001s2006||||ag |||||||||||||||||spa d
040 _aAR-LpoUNG
_bspa
_cAR-LpoUNG
_eaacr
041 _aspa
044 _aag
082 0 _a305.3 455cam
100 1 _aBemberg, María Luisa
_edir.
245 1 0 _aCamila
260 _aBuenos Aires :
_bSBP,
_c2006.
300 _aDVD (105 min.) : son., col.
505 0 _aGuión: Beda Docampo Feijóo, Juan Bautista Stagnaro. - Hecha en:1984. - Elenco: Susú Pecoraro, Imanol Arias, Héctor Alterio.
520 _aLa verídica y trágica historia de amor entre Camila O' Gorman y el sacerdote Ladislao Gutiérrez, a mediados del silgo XIX, y los escándalos que provocó semejante relación en la Iglesia y en la sociedad de la época.
650 4 _aDRAMA
651 4 _aArgentina
653 _aCINE ARGENTINO
653 _aDVD
653 _aVIDEOS
905 _a39956
942 _cDVD
999 _c53678
_d53678